000
00332nam a2200133Ia 4500
008
240624s9999 xx 000 0 und d
041
_a
eng
082
_a
823 PEL
100
_a
PELECANOS GEORGE
245
_a
D C NOIR 2 THE CLASSICS
260
_c
2008
_a
New Delhi
_b
Harper Collins
300
_a
321 : p. : cm. ; 18
365
_c
RS
_b
25
999
_c
18466
_d
18466